LEADER 01125nam a2200265 i 4500 001 000000106579 003 CaOOAMICUS 005 20070903092958.0 008 070903s2007 it u000 u ita r 020 $a88-02-07512-3 040 $aPUL$bita$dLDB 100 1 $aMoravia, Alberto,$d1907-1990.$0(OLS)http://pul/name/48233 245 12$aI racconti /$cAlberto Moravia ; prefazione di Massimo Onofri. 260 $aTorino :$bUTET,$c2007. 300 $axxii, 868 p. ;$c18cm 490 1 $aCollezione Premio Strega. I 100 capolavori 500 $aSul front. : Premio Strega 1952. 710 2 $aFondazione Maria e Goffredo Bellonci onlus.$0(OLS)http://pul/name/65417 830 0$aCollezione Premio Strega. I 100 capolavori.$0(OLS)http://pul/title/134172 850 $aPUL 852 $aPUL$W1$xDP2 Cons. Gen., Altre Classi 3$y97$m853 COLL 1.16$j142417$qDDC 21$B119744$CPULBib$Z2$F119744 $H104333 $82 941 1 $a9 996 $6020$a88-02-07512-3$9(OLS)http://pul/number/135344 996 $6245$aI racconti$9(OLS)http://pul/title/134203 996 $6260$aTorino :$bUTET$9(OLS)http://pul/publisher/48088 LEADER 01148nam a2200289 u 4500 001 000000081226 003 CaOOAMICUS 005 20070226123731.0 008 050317s1990 enk u000 u eng u 020 $a0005993199 035 $a11034762 040 $aPUL$bita 100 1 $aKer, Ian.$0(OLS)http://pul/name/53473 245 10$aNewman on being a christian /$cIan Ker. 260 $aLondon :$bHarpercollins,$cc1990. 300 $aix, 187 p. ;$c22 cm 500 $aInclude indici. 600 04$aIohannes Henricus Newman,$cs.,$d1801-1890.$0(OLS)http://pul/subject/4993 850 $aPUL 852 $aPUL$W1$xSL Religione 3$y85$m230. 2 KERIA 1$j103655$nBK-PRI$qDDC 21$B103655$CPULBib$Z2$F103655 $HPUL97374 $82 941 1 $a9 960 $aNewman, John Henry,$ccard.,$d1801-1890$94993 960 $aIoannes Henricus Newman,$cs.,$d1801-1890$94993 960 $aJohannes Henricus Newman,$cs.,$d1801-1890$94993 996 $6020$a0005993199$9(OLS)http://pul/number/107574 996 $6245$aNewman on being a christian$9(OLS)http://pul/title/106256 996 $6260$aLondon :$bHarpercollins$9(OLS)http://pul/publisher/75983